000 01132nam a22002415i 4500
001 53686
003 ES-MaACL
005 20230906162819.0
007 t|
008 940301m18861889sp ||||1| spa d
040 _aAS
_bspa
080 _a929 Fernández de Córdoba, Fernando, Marqués de Mendigorría
080 _a94(460)"18"(093.3)
100 1 _aFernández de Córdoba, Fernando
_cMarqués de Mendigorría (
_d1809-1883)
_949650
245 1 0 _aMis memorias íntimas /
_cpor Fernando Fernández de Córdova, Marqués de Mendigorría.
260 _aMadrid :
_b[s.n.],
_c1886-1889 (
_fEstablecimiento tipográfico "Sucesores de Rivadeneyra")
300 _a3 v.(XX, 405 ; 467 ; 526 p.), [3] h. de lám., [1] h. de plan. :
_bil. ;
_c29 cm.
530 _aDisponible también en sitio web.
600 1 4 _aFernández de Córdoba, Fernando
_cMarqués de Mendigorría (
_d1809-1883)
_949650
651 4 _aEspaña-
_xHistoria-
_yS.XIX-
_vRelatos personales.
_98356
852 _aES-MaACL
_jG-8123-25
856 _uhttp://bibliotecadigitalhispanica.bne.es:80/webclient/DeliveryManager?pid=3632508&custom_att_2=simple_viewer
_zIr a la página
999 _c53686
_d53686